| 000 | 00892nam a2200253 a 4500 | ||
|---|---|---|---|
| 999 |
_c13387 _d13387 |
||
| 003 | MIRAKIL | ||
| 005 | 20190705131943.0 | ||
| 008 | |||
| 020 | _a9789755390963 | ||
| 040 |
_cTR-AnCHP _aTR-AnCHP |
||
| 082 |
_a320.53 _bW25y 1995 |
||
| 100 | 1 |
_aWainwright, Hilary, _d1949- |
|
| 245 | 1 | 0 |
_aYeni bir sol üzerine tartışmalar: _bserbest piyasacı sağa cevaplar/ _cHilary Wainwright ; çeviren Ali Çakıroğlu. |
| 260 |
_aİstanbul : _bAyrıntı Yayınları, _c1995. |
||
| 300 |
_a406 s. ; _c20 sm. |
||
| 490 | 0 |
_aAyrıntı : _aİnceleme dizisi : _v136 _v70. |
|
| 500 | _aYapıtın özgün adı: Argumonts for a new left answeringthe free-market right | ||
| 504 | _aKaynakça vardır. | ||
| 650 | 0 |
_aSiyaset Bilimi _95084 |
|
| 650 | 0 |
_asiyasal ideolojiler _9792 |
|
| 650 | 0 |
_aSosyalizm _9826 |
|
| 700 | 1 |
_aÇakıroğlu, Ali. _eçev. |
|
| 942 |
_2ddc _cBKS |
||